[Event "CPV-ch"]
[Site "Ponta do Sol"]
[Date "2023.12.10"]
[Round "9"]
[White "Teixeira, Gil Antonio Mendes"]
[Black "Santos, Kelim Morais"]
[Result "1-0"]
[WhiteElo "1820"]
[BlackElo "1436"]
[PlyCount "93"]
[EventDate "2023.12.03"]
[EventType "tourn"]
[EventRounds "9"]
[EventCountry "KAP"]
[SourceTitle "CBM 217 Extra"]
[Source "ChessBase"]
[SourceDate "2024.01.31"]
[SourceVersion "1"]
[SourceVersionDate "2024.01.31"]
[SourceQuality "1"]

1. e4 e5 2. Bc4 Nc6 3. Nf3 Nf6 4. Ng5 d5 5. exd5 Na5 6. Bb5+ Bd7 7. Qe2 Bd6 8. d4 0-0 9. dxe5 Re8 10. Nf3 c6 11. dxc6 Nxc6 12. Bxc6 Bxc6 13. 0-0 Bxf3 14. Qxf3 Bxe5 15. Nc3 Bxc3 16. Qxc3 Rc8 17. Qb3 Re2 18. c3 Re7 19. Bg5 h6 20. Bxf6 gxf6 21. Rad1 Qe8 22. Rd4 f5 23. Qd1 Re6 24. Qf3 Qb5 25. Rb4 Qc6 26. Qxf5 Rf6 27. Qe4 b6 28. Qxc6 Rcxc6 29. Rd4 Rfe6 30. Rd2 Kg7 31. g3 Re5 32. Kg2 a5 33. Rfd1 Rce6 34. Rd6 b5 35. Rxe6 fxe6 36. Rd2 Kf6 37. f4 Re1 38. Kf2 Rh1 39. Kf3 Re1 40. Re2 Rd1 41. Kg4 Rd5 42. Kf3 h5 43. Ke4 Rd1 44. Ke3 Rd5 45. Rd2 Kf5 46. Rxd5+ exd5 47. Kd4 1-0

[Event "CPV-ch"]
[Site "Ponta do Sol"]
[Date "2023.12.04"]
[Round "3"]
[White "Ortega Amarelle, Mariano"]
[Black "Teixeira, Gil Antonio Mendes"]
[Result "1-0"]
[WhiteElo "2478"]
[BlackElo "1820"]
[PlyCount "107"]
[EventDate "2023.12.03"]
[EventType "tourn"]
[EventRounds "9"]
[EventCountry "KAP"]
[SourceTitle "CBM 217 Extra"]
[Source "ChessBase"]
[SourceDate "2024.01.31"]
[SourceVersion "1"]
[SourceVersionDate "2024.01.31"]
[SourceQuality "1"]

1. e4 d6 2. d4 Nf6 3. Nc3 e6 4. f4 Nbd7 5. Nf3 Be7 6. Bd3 c5 7. e5 dxe5 8. dxe5 Nd5 9. Nxd5 exd5 10. c3 a6 11. 0-0 Nb6 12. f5 Bd7 13. Qe1 f6 14. exf6 gxf6 15. Bh6 Rg8 16. Ng5 Qc7 17. Ne6 Qc6 18. Ng7+ Kd8 19. Ne6+ Bxe6 20. Qxe6 Qxe6 21. fxe6 Kc7 22. Bxh7 Rh8 23. Bf4+ Kc6 24. Bc2 Nc4 25. b3 Ne5 26. c4 d4 27. Be4+ Kc7 28. Rae1 Bd6 29. Bf5 Rag8 30. Bg3 Kd8 31. Be4 Ke7 32. Bxb7 Rxg3 33. hxg3 Ng4 34. Re4 Ne3 35. Rf3 Be5 36. Bd5 Kd6 37. Rh4 Rxh4 38. gxh4 f5 39. g3 a5 40. h5 Bg7 41. Kf2 Bh6 42. Ke2 Bg5 43. Kd3 Ke7 44. Rf2 Bh6 45. a3 Kd6 46. b4 axb4 47. axb4 Bg5 48. bxc5+ Kxc5 49. h6 Kd6 50. h7 Bf6 51. Ra2 Ng4 52. Ra6+ Ke5 53. e7 Nf2+ 54. Ke2 1-0

[Event "CPV-ch"]
[Site "Ponta do Sol"]
[Date "2023.12.04"]
[Round "2"]
[White "Teixeira, Gil Antonio Mendes"]
[Black "Mirulla, David"]
[Result "0-1"]
[WhiteElo "1820"]
[BlackElo "1929"]
[PlyCount "74"]
[EventDate "2023.12.03"]
[EventType "tourn"]
[EventRounds "9"]
[EventCountry "KAP"]
[SourceTitle "CBM 217 Extra"]
[Source "ChessBase"]
[SourceDate "2024.01.31"]
[SourceVersion "1"]
[SourceVersionDate "2024.01.31"]
[SourceQuality "1"]

1. f4 e5 2. fxe5 d6 3. Nf3 dxe5 4. d3 Bc5 5. e3 Nc6 6. Be2 Nf6 7. 0-0 Ng4 8. d4 exd4 9. Nxd4 Nxe3 10. Bxe3 Bxd4 11. Bxd4 Qxd4+ 12. Qxd4 Nxd4 13. Bd3 0-0 14. Nc3 Be6 15. Rf4 Rad8 16. Raf1 f5 17. Re1 Rfe8 18. b3 g5 19. Rff1 Kg7 20. Re3 h6 21. Nb5 Nxb5 22. Bxb5 c6 23. Bd3 f4 24. Re5 Kf6 25. Ree1 Bf5 26. Rxe8 Rxe8 27. Bxf5 Kxf5 28. Kf2 Re3 29. Rd1 Rc3 30. Rd2 h5 31. Ke2 g4 32. Kd1 h4 33. Rd7 h3 34. gxh3 Rxh3 35. Rxb7 Rxh2 36. Kc1 g3 37. Rg7 g2 0-1

[Event "Olympiad-44"]
[Site "Chennai"]
[Date "2022.08.09"]
[Round "11.2"]
[White "El Jawich, Amro"]
[Black "Teixeira, Gil Antonio Mendes"]
[Result "1-0"]
[WhiteElo "2314"]
[BlackElo "1741"]
[PlyCount "53"]
[EventDate "2022.07.29"]
[EventType "team-swiss"]
[EventRounds "11"]
[EventCountry "IND"]
[SourceTitle "CBM 210"]
[Source "ChessBase"]
[SourceDate "2022.10.31"]
[SourceVersion "1"]
[SourceVersionDate "2022.10.31"]
[SourceQuality "1"]
[WhiteTeam "Lebanon"]
[BlackTeam "Kap Verde"]
[WhiteTeamCountry "LBN"]
[BlackTeamCountry "KAP"]

1. e4 e6 2. Qe2 d6 3. d4 e5 4. Nf3 Nd7 5. Nc3 Ngf6 6. Bg5 Be7 7. 0-0-0 exd4 8. Nxd4 0-0 9. Nf5 Qe8 10. Qd2 Bd8 11. Bh6 gxh6 12. Qxh6 Nh5 13. Qxh5 Qe6 14. Rd3 Kh8 15. Rg3 Rg8 16. Qxh7+ Kxh7 17. Rh3+ Kg6 18. Rh6+ Kg5 19. h4+ Kf4 20. g3+ Rxg3 21. fxg3+ Ke5 22. Rxe6+ fxe6 23. Ne3 Nf6 24. Bg2 Kd4 25. Kd2 e5 26. b4 Nxe4+ 27. Nxe4 1-0

[Event "CPV-ch"]
[Site "Mindelo"]
[Date "2021.11.15"]
[Round "1"]
[White "Teixeira, Gil Antonio Mendes"]
[Black "Monteiro, Antonio David Cabra"]
[Result "1/2-1/2"]
[WhiteElo "1674"]
[BlackElo "1795"]
[PlyCount "99"]
[EventDate "2021.11.15"]
[EventType "tourn"]
[EventRounds "9"]
[EventCountry "KAP"]
[SourceTitle "CBM 205 Extra"]
[Source "ChessBase"]
[SourceDate "2022.01.31"]
[SourceVersion "1"]
[SourceVersionDate "2022.01.31"]
[SourceQuality "1"]

1. e4 d6 2. Nf3 Nf6 3. Nc3 e5 4. Be2 g6 5. d3 Bg7 6. Bg5 c6 7. h3 0-0 8. 0-0 Qb6 9. Rb1 h6 10. Be3 Qc7 11. Qc1 Kh7 12. Nh2 Nbd7 13. f4 Nb6 14. fxe5 dxe5 15. Rxf6 Bxf6 16. Bg4 h5 17. Bf3 Bg7 18. Qd1 Nd7 19. Bxh5 Nf6 20. Bf3 Rh8 21. Qe2 Kg8 22. Nd1 Be6 23. c4 Rd8 24. Nf2 Bh6 25. Bxh6 Rxh6 26. Qe3 Kg7 27. Qxa7 Rhh8 28. Qe3 Qd6 29. a3 Qd4 30. Qxd4 Rxd4 31. Be2 Rdd8 32. Nf3 Nd7 33. Ng5 Rhe8 34. b4 Ra8 35. Ra1 f6 36. Nxe6+ Rxe6 37. a4 Ree8 38. a5 Ra7 39. Bg4 Nf8 40. c5 Ne6 41. Bxe6 Rxe6 42. Kf1 Re8 43. Ke2 Rd8 44. Rb1 f5 45. g4 f4 46. Nd1 Rh8 47. Nf2 g5 48. Kd2 Kf6 49. Kc3 Raa8 50. Rh1 1/2-1/2